[Event "FICGS class C 000158 email"]
[Site "FICGS email"]
[Date "2011.10.10"]
[Round "1"]
[White "Bezushko, Anton"]
[Black "De Waele, Willy"]
[Result "0-1"]
[WhiteElo "1800"]
[BlackElo "1979"]
[PlyCount "32"]
[EventDate "2011.??.??"]
[EventType "tourn (corr)"]
[EventRounds "1"]
[SourceTitle "Corr 2013"]
[Source "ChessBase"]
[SourceDate "2012.11.12"]
[SourceVersion "1"]
[SourceVersionDate "2012.11.12"]
[SourceQuality "1"]

1. e4 c5 2. d4 cxd4 3. Qxd4 Nc6 4. Qd1 Nf6 5. Nc3 e6 6. b3 d5 7. f3 Bb4 8. Bd2 dxe4 9. fxe4 Qa5 10. Qf3 e5 11. Bb5 0-0 12. 0-0-0 Bg4 13. Qd3 Rfd8 14. Qe3 Bxd1 15. Kxd1 Bxc3 16. Qxc3 Qxc3 0-1

[Event "FICGS class C 000158 email"]
[Site "FICGS email"]
[Date "2011.10.10"]
[Round "1"]
[White "Gounant, Stanislas"]
[Black "Bezushko, Anton"]
[Result "1-0"]
[WhiteElo "1840"]
[BlackElo "1800"]
[PlyCount "47"]
[EventDate "2011.??.??"]
[EventType "tourn (corr)"]
[EventRounds "1"]
[SourceTitle "Corr 2013"]
[Source "ChessBase"]
[SourceDate "2012.11.12"]
[SourceVersion "1"]
[SourceVersionDate "2012.11.12"]
[SourceQuality "1"]

1. e4 Nf6 2. e5 Nd5 3. d4 e6 4. Nf3 g6 5. Bg5 Be7 6. Bh6 b6 7. c4 Nb4 8. Nc3 c5 9. d5 exd5 10. cxd5 d6 11. Bb5+ Bd7 12. exd6 Bxd6 13. 0-0 a6 14. Re1+ Qe7 15. Rxe7+ Kxe7 16. Bxd7 Nxd7 17. Ne4 Rae8 18. a3 Nxd5 19. Qxd5 Kd8 20. Nxd6 Re7 21. Rd1 Rhe8 22. Qa8+ Kc7 23. Qb7+ Kd8 24. Qc8# 1-0